000 00238nam a2200097Ia 4500
008 170619s9999 xx 000 0 und d
100 _aChauhan- D S
245 0 _aHuman anatomy (upper limb & thorax)
260 _bNew Delhi: C B S
260 _c2006
546 _aENGLISH
999 _c18197
_d18197